000
00321nam a22001457a 4500
008
210303b ||||| |||| 00| 0 eng d
020
_a
9780201918250
041
_a
eng
080
_a
621
082
_a
621
100
_a
26
101
_a
MEK
245
_a
The Student Edition of Autocad
_c
Kyles, S. R
942
_2
udc
_c
BK
999
_c
55695
_d
55695